000 00710nam a22002177a 4500
003 OSt
005 20250217025734.0
008 250217t2000 |||||||| |||| 00| | eng d
020 _a1-55561-241-5
040 _cJMCFI - Learning Resource Center
082 _aF.P./G.Ed. 306.874'2 D748 2000
100 _aDowney, Peter
_911754
245 _aSo you're going to be a dad /
_cPeter Downey.
260 _aCambridge :
_bFisher Books ,
_c2000.
300 _axiv, 194 pages ;
_c23 cm
500 _aIncludes appendixes, glossary, indexes, and biographical records.
504 _aIncludes bibliographical references.
650 _aFatherhood.
_911755
700 _aScott, Nik
_eillustrator
_911756
942 _2ddc
_cBK
_n0
999 _c4481
_d4481